| 000 | 00837nam a2200277 i 4500 | ||
|---|---|---|---|
| 001 | bg | ||
| 100 | 1 | _aAppleman, Dan. | |
| 245 | 0 |
_aPrzejście do VB.NET / _cDan Appleman ; pzekł. z jęz. ang. Piotr Nowakowski (1-9), Piotr Pęzik (10-16). |
|
| 260 |
_aWarszawa : _b"Mikom", _c2003. |
||
| 300 |
_a484 s. ; _c24 cm. |
||
| 490 | 1 | _aNowa Biblioteka Programisty | |
| 504 | _aIndeks. | ||
| 650 | 9 | _aVisual Basic | |
| 655 | _aPodręczniki | ||
| 700 | 1 |
_aNowakowski, Piotr. _eTł. |
|
| 700 | 1 |
_aPęzik, Piotr. _eTł. |
|
| 830 | _aNowa Biblioteka Programisty | ||
| 020 | _a8372792941 | ||
| 040 | _cBPK | ||
| 041 | 1 |
_apol _heng |
|
| 080 | _a004.438(07)A/Z | ||
| 920 | _a83-7279-294-1 | ||
| 942 | _cKS | ||
| 008 | s pl f |000 0 pol | ||
| 999 |
_c43352 _d43352 |
||
| 856 |
_uhttp://koha.tu.koszalin.pl/cgi-bin/koha/opac-detail.pl?biblionumber=43352 _yKatalog online BPK |
||